00903nam a22002177a 4500003000900000005001700009008004000026020001800066040002500084100003900109245010200148250001300250260004900263300002000312590002900332700005600361942001400417952011600431952012100547999001700668DO-SdBNP20210608145246.0150721s2019 dr 000 0 spa d a9789945910261 aDO-SdBNPbspacBNPHU1 aRuiz Ruiz, Robinson,974327d1985-13aUn consumidor común /cRobinson Braulio Ruiz Ruiz ; prólogo: Nicolás Rodríguez Ramírez. a2da ed.  aSanto Domingo :bEditora Luz De Luna,c2019. a78 p. ;c21 cm. aInventariado, 2021 /LP  aRodríguez Ramírez, Nicoláseprólogo 911163 2ddccLBS1 00102ddc51718PDaBNPHUbPDcHDd2021-06-08eEditora Luz De Lunal0p2021-1968r2021-06-08w2021-06-08yLFPD 00102ddc51728PDaBNPHUbPDcHDd2021-06-08eEditora Luz De Lunal0p2021-1969r2021-06-08te.2w2021-06-08yLFPD c49894d49894